Normal view
MARC view
- تأليف هـ. جوهانسون، أندرو روبرتسون ؛ نقله عن الإنكليزي نبيه غطاس
Entry Personal Name
001 - CONTROL NUMBER
- control field: 29938
003 - CONTROL NUMBER IDENTIFIER
- control field: JO-AjAnu
005 - DATE AND TIME OF LATEST TRANSACTION
- control field: 20230606075045.0
008 - FIXED-LENGTH DATA ELEMENTS
- fixed length control field: 230606|| aca||aabn | a|a d
040 ## - CATALOGING SOURCE
- Original cataloging agency: JO-AjAnu
- Transcribing agency: JO-AjAnu
100 ## - HEADING--PERSONAL NAME
- Personal name: تأليف هـ. جوهانسون، أندرو روبرتسون ؛ نقله عن الإنكليزي نبيه غطاس
670 ## - SOURCE DATA FOUND
- Source citation: Work cat.: (JO-AjAnu)15374: تأليف هـ. جوهانسون، أندرو روبرتسون ؛ نقله عن الإنكليزي نبيه غطاس, author, معجم مصطلحات الإدارة : إنكليزي-عربي